00390nam a2200133Ia 4500008004100000020002200041100002800063245007100091250001200162260002700174300002400201650001700225650001400242200924s9999 xx 000 0 und d a978-981-3156-89-0 aSmith, Janice Gorzynski cJanice Gorzynski SmithaGeneral, organic and biological chemistry/ a4th ed. aUS:bMcGraw Hillc2019 axxxiv, I-24c25 cm. abiochemistry aChemistry